[Event "2021 FIDE Online Olympiad"]
[Site "Chess.com"]
[Date "2021.08.29"]
[Round "8.5"]
[White "Etienne, Angelo"]
[Black "Vazquez, Facundo"]
[Result "0-1"]
[WhiteElo "1995"]
[BlackElo "1970"]
[PlyCount "114"]
[EventDate "2021.08.27"]
[EventType "team"]
[EventRounds "9"]
[SourceVersionDate "2018.05.14"]
[WhiteTeam "Haiti"]
[BlackTeam "Uruguay"]
[WhiteTeamCountry "HAI"]
[BlackTeamCountry "URU"]

1. d4 Nf6 2. Nf3 g6 3. Bf4 Bg7 4. e3 O-O 5. Bc4 b6 6. O-O Bb7 7. Qe2 d5 8. Bd3
c5 9. c3 Nbd7 10. Ba6 Qc8 11. Bxb7 Qxb7 12. h3 b5 13. Nbd2 a5 14. Ne5 c4 15.
Nxd7 Qxd7 16. e4 e6 17. exd5 exd5 18. Rfe1 Rfe8 19. Qf3 Qf5 20. Be5 Qxf3 21.
Nxf3 Ne4 22. Bxg7 Kxg7 23. a3 f6 24. Re2 Ng5 25. Rae1 Nxf3+ 26. gxf3 Rxe2 27.
Rxe2 Kf7 28. Kg2 Rb8 29. f4 b4 30. axb4 axb4 31. Kf3 bxc3 32. bxc3 Rb3 33. Re3
Rb2 34. Kg3 Rd2 35. Kf3 h5 36. h4 Rc2 37. Kg3 Rc1 38. Kg2 Rd1 39. Kh2 Rd3 40.
Kg2 Rxe3 41. fxe3 Ke6 42. Kf3 Kf5 43. e4+ dxe4+ 44. Ke3 g5 45. fxg5 fxg5 46.
hxg5 Kxg5 47. Kxe4 Kg4 48. d5 h4 49. d6 h3 50. d7 h2 51. d8=Q h1=Q+ 52. Ke5
Qe1+ 53. Kd6 Qd2+ 54. Kc7 Qxd8+ 55. Kxd8 Kf4 56. Kc7 Ke4 57. Kb6 Kd3 0-1

[Event "2021 FIDE Online Olympiad"]
[Site "Chess.com"]
[Date "2021.08.29"]
[Round "8.6"]
[White "Malan, Lucia"]
[Black "Jean Francois, Valencia"]
[Result "0-1"]
[WhiteElo "1876"]
[BlackElo "1398"]
[PlyCount "80"]
[EventDate "2021.08.27"]
[EventType "team"]
[EventRounds "9"]
[SourceVersionDate "2018.05.14"]
[WhiteTeam "Uruguay"]
[BlackTeam "Haiti"]
[WhiteTeamCountry "URU"]
[BlackTeamCountry "HAI"]

1. e4 e5 2. Nf3 d6 3. Nc3 Nc6 4. Bb5 Bd7 5. d3 Nf6 6. O-O Be7 7. Re1 a6 8. Bc4
Nd4 9. Nxd4 exd4 10. Ne2 c5 11. Nf4 O-O 12. Qf3 Ng4 13. Nd5 Ne5 14. Qg3 Bf6 15.
Nxf6+ Qxf6 16. Bg5 Qg6 17. Be7 Qxg3 18. hxg3 Rfe8 19. Bxd6 Nxc4 20. dxc4 b6 21.
a4 Re6 22. Bf4 Rae8 23. f3 h6 24. a5 f5 25. axb6 Rxb6 26. b3 Rbe6 27. Ra5 fxe4
28. fxe4 Rxe4 29. Rxe4 Rxe4 30. Kf2 Re6 31. Rxc5 Rf6 32. Ke2 Bg4+ 33. Kd3 Bf5+
34. Kxd4 Bxc2 35. b4 g5 36. Be3 Rd6+ 37. Rd5 Rf6 38. Kc5 Be4 39. Rd7 Bxg2 40.
Bd4 Rc6# 0-1

[Event "2021 FIDE Online Olympiad"]
[Site "Chess.com"]
[Date "2021.08.29"]
[Round "9.1"]
[White "Diaz Hollemaert, Nahuel"]
[Black "Van den Brink, Peter"]
[Result "1-0"]
[WhiteElo "2496"]
[BlackElo "2185"]
[PlyCount "107"]
[EventDate "2021.08.27"]
[EventType "team"]
[EventRounds "9"]
[SourceVersionDate "2018.05.14"]
[WhiteTeam "Uruguay"]
[BlackTeam "Aruba"]
[WhiteTeamCountry "URU"]
[BlackTeamCountry "ARN"]

1. c4 c5 2. Nc3 g6 3. g3 Bg7 4. Bg2 Nc6 5. h4 h5 6. d3 a6 7. Bd2 Rb8 8. Rc1 d6
9. Nh3 Nh6 10. O-O O-O 11. Nf4 Bg4 12. b3 Qd7 13. Ne4 b5 14. Nd5 Kh8 15. Bc3
Nd4 16. f3 Be6 17. e3 Bxd5 18. cxd5 Ndf5 19. Bxg7+ Kxg7 20. Qe1 b4 21. Nd2 Ng8
22. Bh3 e6 23. g4 Nfe7 24. dxe6 Qxe6 25. Kg2 hxg4 26. fxg4 Qd5+ 27. Nf3 Qxd3
28. Rd1 Qe4 29. Rxd6 Rfd8 30. Qa1+ f6 31. Rfd1 Rxd6 32. Rxd6 Qxe3 33. g5 Qe2+
34. Kg3 Rf8 35. Re6 Qd3 36. Bf1 Nf5+ 37. Kf2 Qd5 38. Bc4 Qd7 39. gxf6+ Rxf6 40.
Qe5 Qd8 41. Rxa6 Qf8 42. Ra7+ Nfe7 43. Kg2 Kh6 44. Ng5 Rf2+ 45. Kg1 Rf6 46. Kg2
Rf2+ 47. Kg1 Rf6 48. Qe3 Kg7 49. Ne6+ Rxe6 50. Qxe6 Qd8 51. Rd7 Qf8 52. Qe5+
Kh7 53. Bxg8+ Kxg8 54. Rxe7 1-0

[Event "2021 FIDE Online Olympiad"]
[Site "Chess.com"]
[Date "2021.08.29"]
[Round "9.3"]
[White "De Leon, Daiana"]
[Black "Jacobs, Annelaine"]
[Result "0-1"]
[WhiteElo "1624"]
[BlackElo "1612"]
[PlyCount "68"]
[EventDate "2021.08.27"]
[EventType "team"]
[EventRounds "9"]
[SourceVersionDate "2018.05.14"]
[WhiteTeam "Uruguay"]
[BlackTeam "Aruba"]
[WhiteTeamCountry "URU"]
[BlackTeamCountry "ARN"]

1. d4 g6 2. c4 Bg7 3. Nc3 Nf6 4. e4 d6 5. f3 O-O 6. Be3 Nbd7 7. Qd2 e5 8. d5
Nb6 9. c5 Nbd7 10. b4 a6 11. Bd3 Qe7 12. Qf2 Nh5 13. Nge2 f5 14. cxd6 cxd6 15.
Na4 b5 16. Nb6 Nxb6 17. Bxb6 fxe4 18. Bxe4 Bf5 19. Bxf5 gxf5 20. Rc1 Rac8 21.
O-O Bh6 22. Be3 f4 23. Bd2 Bg5 24. Nc3 Nf6 25. Rc2 Rc7 26. Rfc1 Rfc8 27. Be1
Qf7 28. Qb6 Nxd5 29. Qxd6 Nxc3 30. Bxc3 Bd8 31. Qxe5 Bf6 32. Qxf4 Bxc3 33.
Qxf7+ Kxf7 34. f4 Bd4+ 0-1

[Event "2021 FIDE Online Olympiad"]
[Site "Chess.com"]
[Date "2021.08.29"]
[Round "9.4"]
[White "Aponte, Samantha"]
[Black "Silva Rosas, Natalia"]
[Result "0-1"]
[WhiteElo "1087"]
[BlackElo "1771"]
[PlyCount "124"]
[EventDate "2021.08.27"]
[EventType "team"]
[EventRounds "9"]
[SourceVersionDate "2018.05.14"]
[WhiteTeam "Aruba"]
[BlackTeam "Uruguay"]
[WhiteTeamCountry "ARN"]
[BlackTeamCountry "URU"]

1. e4 c5 2. b3 Nc6 3. Bb2 d6 4. Bb5 Nf6 5. d3 Qa5+ 6. Nc3 Bd7 7. Bxc6 Bxc6 8.
Nf3 e6 9. O-O Qc7 10. Re1 e5 11. Ne2 b5 12. Ng3 g6 13. c3 h5 14. d4 h4 15. Nf1
Bxe4 16. h3 c4 17. N1d2 Bxf3 18. Qxf3 Qd8 19. dxe5 dxe5 20. Rxe5+ Kd7 21. Rd1
Bd6 22. Ne4 Nxe4 23. Qxf7+ Kc8 24. Rxe4 Bh2+ 25. Kxh2 Qxd1 26. Qe6+ Qd7 27.
Qxg6 Rd8 28. Rd4 Qc7+ 29. Kh1 Rxd4 30. cxd4 c3 31. Qg8+ Kb7 32. Qd5+ Qc6 33.
Qf7+ Kb6 34. Bc1 Rc8 35. Qf4 Re8 36. Kh2 Qc7 37. Qxc7+ Kxc7 38. Bf4+ Kc6 39. g3
hxg3+ 40. fxg3 Re2+ 41. Kg1 Rxa2 42. h4 Ra1+ 43. Kg2 c2 44. h5 c1=Q 45. Bxc1
Rxc1 46. Kh3 Kd5 47. Kg4 Kxd4 48. h6 Rc8 49. Kg5 Rg8+ 50. Kf6 Rxg3 51. h7 Rh3
52. Kg7 Kc3 53. h8=Q Rxh8 54. Kxh8 Kxb3 55. Kg7 a5 56. Kf6 a4 57. Ke5 a3 58.
Kd4 a2 59. Kd3 a1=Q 60. Ke4 Qd1 61. Ke5 Kc4 62. Ke4 Qe2+ 0-1

[Event "2021 FIDE Online Olympiad"]
[Site "Chess.com"]
[Date "2021.08.29"]
[Round "9.5"]
[White "Vazquez, Facundo"]
[Black "Stetsenko, Ilya"]
[Result "1-0"]
[WhiteElo "1970"]
[BlackElo "1683"]
[PlyCount "37"]
[EventDate "2021.08.27"]
[EventType "team"]
[EventRounds "9"]
[SourceVersionDate "2018.05.14"]
[WhiteTeam "Uruguay"]
[BlackTeam "Aruba"]
[WhiteTeamCountry "URU"]
[BlackTeamCountry "ARN"]

1. d4 Nf6 2. c4 e6 3. Nf3 Bb4+ 4. Bd2 c5 5. Bxb4 cxb4 6. g3 O-O 7. Bg2 d6 8.
O-O Qc7 9. Nbd2 Nc6 10. Qc2 e5 11. d5 Ne7 12. Qb3 a5 13. a3 bxa3 14. Qxa3 Bg4
15. Nxe5 Bxe2 16. Rfe1 Bh5 17. Nef3 Rfe8 18. Nd4 Nd7 19. Nb5 1-0

[Event "2021 FIDE Online Olympiad"]
[Site "Chess.com"]
[Date "2021.08.29"]
[Round "9.6"]
[White "Sagastegui, Thamara"]
[Black "Roepke, Sofia"]
[Result "0-1"]
[WhiteElo "1282"]
[BlackElo "1273"]
[PlyCount "122"]
[EventDate "2021.08.27"]
[EventType "team"]
[EventRounds "9"]
[SourceVersionDate "2018.05.14"]
[WhiteTeam "Aruba"]
[BlackTeam "Uruguay"]
[WhiteTeamCountry "ARN"]
[BlackTeamCountry "URU"]

1. e4 e5 2. Nf3 Nf6 3. Nxe5 d6 4. Nf3 Nxe4 5. d4 d5 6. Bd3 Be7 7. O-O Nc6 8.
Re1 Bg4 9. c4 Nf6 10. cxd5 Nxd5 11. Nc3 Nxc3 12. bxc3 O-O 13. Bc2 Bf6 14. Qd3
g6 15. h3 Bf5 16. Qd2 Bxc2 17. Qxc2 Qd5 18. Bf4 Rac8 19. Qe4 Qxe4 20. Rxe4 Na5
21. Rb1 b6 22. Ne5 Rfd8 23. Ng4 Bg7 24. Rbe1 f5 25. Bg5 fxe4 26. Bxd8 Rxd8 27.
Rxe4 Nc6 28. Re6 Rd6 29. Re8+ Kf7 30. Rc8 Rd7 31. Ne3 Ne7 32. Ra8 a5 33. Ng4
Nd5 34. c4 Nc3 35. d5 Nxa2 36. Nh2 Nb4 37. Nf3 Nd3 38. Ng5+ Kf6 39. Nxh7+ Kf5
40. g4+ Kf4 41. Nf8 Bxf8 42. Rxf8+ Ke4 43. Rf6 Rd6 44. Re6+ Kd4 45. Re7 Kxc4
46. Rxc7+ Kxd5 47. Rc3 Kd4 48. Ra3 Rc6 49. Rb3 a4 50. Ra3 b5 51. Ra1 Rc1+ 52.
Rxc1 Nxc1 53. h4 a3 54. h5 gxh5 55. gxh5 a2 56. h6 a1=Q 57. h7 Ne2+ 58. Kg2
Nf4+ 59. Kg3 Ke4 60. f3+ Kf5 61. Kh4 Qh8 0-1

[Event "2021 FIDE Online Olympiad"]
[Site "Chess.com"]
[Date "2021.08.29"]
[Round "9.2"]
[White "Germinal, Kemly"]
[Black "Polanco Nunez, Yoel Estarling"]
[Result "0-1"]
[WhiteElo "1000"]
[BlackElo "2222"]
[PlyCount "86"]
[EventDate "2021.08.27"]
[EventType "team"]
[EventRounds "9"]
[SourceVersionDate "2018.05.14"]
[WhiteTeam "Haiti"]
[BlackTeam "Dominican Republic"]
[WhiteTeamCountry "HAI"]
[BlackTeamCountry "DOM"]

1. e4 e5 2. Nf3 Nc6 3. Bb5 a6 4. Ba4 Nf6 5. O-O Be7 6. Re1 b5 7. Bb3 O-O 8. d3
d6 9. h3 Na5 10. c3 Nxb3 11. Qxb3 Be6 12. Qc2 c5 13. Nbd2 h6 14. Nf1 Qd7 15. d4
cxd4 16. cxd4 Rfc8 17. Qd1 Qc7 18. d5 Bd7 19. Bd2 Qc2 20. Bc3 Qxd1 21. Raxd1 a5
22. a3 Bd8 23. Ng3 Bb6 24. Ra1 g6 25. Rec1 b4 26. axb4 a4 27. Bd2 Kg7 28. Rxc8
Rxc8 29. Rc1 Rb8 30. Bc3 h5 31. h4 Ng4 32. Rc2 Rc8 33. Nf1 a3 34. bxa3 Nxf2 35.
Rxf2 Rxc3 36. N1d2 Rxa3 37. g3 f5 38. Kg2 Bxf2 39. Kxf2 Bb5 40. Ng5 Ra2 41. Ke3
f4+ 42. gxf4 exf4+ 43. Kxf4 Rxd2 0-1

[Event "2021 FIDE Online Olympiad"]
[Site "Chess.com"]
[Date "2021.08.29"]
[Round "9.3"]
[White "Diaz Cesar, Wilsaida Pieranlly"]
[Black "Seine, Rose Berline"]
[Result "1-0"]
[WhiteElo "1867"]
[BlackElo "1679"]
[PlyCount "65"]
[EventDate "2021.08.27"]
[EventType "team"]
[EventRounds "9"]
[SourceVersionDate "2018.05.14"]
[WhiteTeam "Dominican Republic"]
[BlackTeam "Haiti"]
[WhiteTeamCountry "DOM"]
[BlackTeamCountry "HAI"]

1. d4 d5 2. c4 e6 3. Nf3 Nf6 4. Bg5 Be7 5. e3 O-O 6. Bd3 dxc4 7. Bxc4 Nbd7 8.
O-O h6 9. Bh4 c5 10. Nc3 cxd4 11. exd4 Nb6 12. Bb3 Bd7 13. Ne5 Bc8 14. Re1 Nfd5
15. Bg3 Nxc3 16. bxc3 Nd5 17. Qf3 Nf6 18. Rad1 Qa5 19. h3 Qd8 20. Bc2 g6 21.
Qd3 Qe8 22. Bh4 Kg7 23. Re3 Nd5 24. Bxe7 Nxe7 25. Rf3 f5 26. Re3 Nc6 27. Rde1
Nxe5 28. Rxe5 Rf7 29. Bb3 Re7 30. d5 b6 31. d6 Qd8 32. Qd4 Re8 33. Rxe6+ 1-0

[Event "2021 FIDE Online Olympiad"]
[Site "Chess.com"]
[Date "2021.08.29"]
[Round "9.4"]
[White "Dunat, Kinberlie"]
[Black "Cabreja Lora, Suzette"]
[Result "0-1"]
[WhiteElo "1398"]
[BlackElo "1623"]
[PlyCount "174"]
[EventDate "2021.08.27"]
[EventType "team"]
[EventRounds "9"]
[SourceVersionDate "2018.05.14"]
[WhiteTeam "Haiti"]
[BlackTeam "Dominican Republic"]
[WhiteTeamCountry "HAI"]
[BlackTeamCountry "DOM"]

1. e4 c5 2. Nf3 d6 3. Nc3 Nf6 4. Bc4 e6 5. d4 cxd4 6. Nxd4 Nc6 7. Bb5 Bd7 8.
O-O a6 9. Ba4 Be7 10. Be3 b5 11. Bb3 O-O 12. Nf3 b4 13. Na4 Nxe4 14. Qd3 Nc5
15. Nxc5 dxc5 16. Rfd1 Bc8 17. Qe4 Qc7 18. c4 Bb7 19. Bc2 g6 20. Qg4 Rfd8 21.
Ng5 Ne5 22. Qg3 Bf6 23. Qf4 Bxg5 24. Qxg5 Nxc4 25. Bf4 Rxd1+ 26. Rxd1 e5 27.
Bg3 Qc6 28. f3 f6 29. Qh4 Nxb2 30. Bb3+ Kg7 31. Rd2 Na4 32. Qc4 Rf8 33. f4 Nc3
34. Qd3 Ne4 35. Qd7+ Kh6 36. Qxc6 Bxc6 37. Rc2 Nxg3 38. hxg3 Rd8 39. Rxc5 Bb5
40. fxe5 fxe5 41. Rxe5 Rd3 42. Kh2 Rd2 43. Re4 a5 44. Re5 Bf1 45. Bd5 a4 46.
Kg1 Bd3 47. Bf3 Rb2 48. Re3 Bf5 49. Bd5 Rb1+ 50. Kf2 Rb2+ 51. Ke1 Rb1+ 52. Kd2
Rb2+ 53. Ke1 Rb1+ 54. Kf2 Rb2+ 55. Re2 Rxe2+ 56. Kxe2 a3 57. Kd2 Kg5 58. Ke3
Kg4 59. Kf2 h5 60. Bf3+ Kg5 61. Ke3 Kf6 62. Kd4 Be6 63. Kc5 b3 64. axb3 a2 65.
b4 a1=Q 66. b5 Qc3+ 67. Kb6 Qb4 68. Kc6 Ke5 69. b6 Bf7 70. b7 Be8+ 71. Kc7 Qc5+
72. Kb8 Qb6 73. Kc8 Qc5+ 74. Kb8 Qb6 75. Kc8 Bc6 76. b8=Q+ Qxb8+ 77. Kxb8 Bxf3
78. gxf3 Kd4 79. Kc7 Ke3 80. f4 Kf3 81. Kd6 Kxg3 82. Ke5 Kg4 83. Ke4 h4 84. Ke3
h3 85. Ke4 h2 86. Ke3 h1=Q 87. f5 gxf5 0-1

[Event "2021 FIDE Online Olympiad"]
[Site "Chess.com"]
[Date "2021.08.29"]
[Round "9.5"]
[White "Mesa Cruz, Juan Carlos"]
[Black "Etienne, Angelo"]
[Result "1-0"]
[WhiteElo "2040"]
[BlackElo "1995"]
[PlyCount "93"]
[EventDate "2021.08.27"]
[EventType "team"]
[EventRounds "9"]
[SourceVersionDate "2018.05.14"]
[WhiteTeam "Dominican Republic"]
[BlackTeam "Haiti"]
[WhiteTeamCountry "DOM"]
[BlackTeamCountry "HAI"]

1. e4 c6 2. Nf3 d5 3. Nc3 dxe4 4. Nxe4 Nd7 5. Bc4 e6 6. O-O Ngf6 7. Ng3 Bd6 8.
d4 O-O 9. Re1 Re8 10. Qe2 Nb6 11. Bd3 Nbd5 12. Ne4 Nf4 13. Bxf4 Bxf4 14. Nxf6+
Qxf6 15. Ne5 Rd8 16. g3 Bxe5 17. dxe5 Qe7 18. Rad1 g6 19. Qe3 Kg7 20. h4 h5 21.
Be4 Bd7 22. Rd6 Be8 23. Red1 Rd7 24. Qd4 Rad8 25. c4 Rxd6 26. exd6+ Qf6 27. c5
Bd7 28. Qb4 Bc8 29. Rd3 Qe5 30. f4 Qf6 31. Qc3 Qxc3 32. Rxc3 f5 33. Bf3 Kf6 34.
Re3 Bd7 35. Kf2 b6 36. b4 Rb8 37. Ra3 bxc5 38. Rxa7 Rd8 39. bxc5 e5 40. Rc7 e4
41. Bd1 Ke6 42. Bb3+ Kf6 43. a4 Be8 44. Rb7 Ra8 45. d7 Bxd7 46. Rxd7 Rb8 47.
Rf7# 1-0

[Event "2021 FIDE Online Olympiad"]
[Site "Chess.com"]
[Date "2021.08.29"]
[Round "9.6"]
[White "Cadeau, Merisena"]
[Black "Ramirez Luzon, Franchesca"]
[Result "0-1"]
[WhiteElo "1439"]
[BlackElo "1743"]
[PlyCount "70"]
[EventDate "2021.08.27"]
[EventType "team"]
[EventRounds "9"]
[SourceVersionDate "2018.05.14"]
[WhiteTeam "Haiti"]
[BlackTeam "Dominican Republic"]
[WhiteTeamCountry "HAI"]
[BlackTeamCountry "DOM"]

1. e4 c5 2. Nf3 Nc6 3. Bc4 e6 4. Nc3 Be7 5. d4 cxd4 6. Nxd4 d6 7. Be3 a6 8. a3
Bd7 9. O-O b5 10. Bd3 Nf6 11. f4 O-O 12. Qf3 Na5 13. b4 Nc4 14. Bc1 Qb6 15. Qf2
Ng4 16. Qe1 Qxd4+ 17. Kh1 Bf6 18. e5 dxe5 19. Bxc4 bxc4 20. Bd2 Bc6 21. h3 Nh6
22. Ne2 Qe4 23. Qf2 Nf5 24. Rac1 Qxe2 25. fxe5 Bxe5 26. Rce1 Qxf2 27. Rxf2 Bg3
28. Rfe2 Bxe1 29. Bxe1 Rad8 30. Kh2 Rd1 31. Bc3 Rfd8 32. g4 Nd4 33. Rf2 Rh1+
34. Kg3 Nb5 35. Bb2 c3 0-1

[Event "2021 FIDE Online Olympiad"]
[Site "Chess.com"]
[Date "2021.08.29"]
[Round "9.1"]
[White "Zambrana, Oswaldo"]
[Black "Kamwendo, Precious"]
[Result "1-0"]
[WhiteElo "2464"]
[BlackElo "1934"]
[PlyCount "87"]
[EventDate "2021.08.27"]
[EventType "team"]
[EventRounds "9"]
[SourceVersionDate "2018.05.14"]
[WhiteTeam "Bolivia"]
[BlackTeam "Malawi"]
[WhiteTeamCountry "BOL"]
[BlackTeamCountry "MWI"]

1. e4 c5 2. Nf3 d6 3. d4 cxd4 4. Nxd4 Nf6 5. Nc3 a6 6. Bg5 e6 7. Qe2 Nbd7 8.
O-O-O Qc7 9. f4 Be7 10. Nf3 e5 11. fxe5 dxe5 12. Qc4 Qxc4 13. Bxc4 O-O 14. Bxf6
Bxf6 15. Nd5 b5 16. Bb3 Rb8 17. Nxf6+ gxf6 18. Rd6 Kg7 19. Rf1 Rb6 20. Rfd1
Rxd6 21. Rxd6 Nc5 22. Bd5 Be6 23. b4 Bxd5 24. exd5 Ne4 25. Rxa6 Rd8 26. Nh4 Kh6
27. a4 bxa4 28. Rxa4 Rxd5 29. Nf5+ Kg5 30. Ng3 Nd6 31. Ra5 Rd4 32. c3 Rc4 33.
Kc2 Rc8 34. Rd5 Nc4 35. Kb3 Ne3 36. Rd7 Nxg2 37. Ne4+ Kf4 38. Nxf6 Ne3 39. Rxf7
Kg5 40. Ne4+ Kg6 41. Rf6+ Kg7 42. Re6 Ng4 43. h3 Ne3 44. Rxe5 1-0

[Event "2021 FIDE Online Olympiad"]
[Site "Chess.com"]
[Date "2021.08.29"]
[Round "9.2"]
[White "Matola, Ernest"]
[Black "Cueto, Jonny"]
[Result "0-1"]
[WhiteElo "1812"]
[BlackElo "2295"]
[PlyCount "88"]
[EventDate "2021.08.27"]
[EventType "team"]
[EventRounds "9"]
[SourceVersionDate "2018.05.14"]
[WhiteTeam "Malawi"]
[BlackTeam "Bolivia"]
[WhiteTeamCountry "MWI"]
[BlackTeamCountry "BOL"]

1. Nf3 d6 2. g3 e5 3. d3 f5 4. Bg2 Nf6 5. O-O g6 6. Nbd2 Bg7 7. e4 O-O 8. c3
Kh8 9. Re1 f4 10. gxf4 Nh5 11. fxe5 Nf4 12. exd6 Nc6 13. d4 Bg4 14. dxc7 Qf6
15. e5 Qf5 16. Re3 Bh6 17. Qe1 Nxg2 18. Kxg2 Bxe3 19. Qxe3 Ne7 20. Nh4 Qh5 21.
h3 Qxh4 22. hxg4 Nd5 23. Qg3 Nf4+ 24. Kf1 Qh1+ 25. Qg1 Qh3+ 26. Ke1 Nd3+ 27.
Ke2 Rxf2+ 28. Qxf2 Nxf2 29. Kxf2 Rf8+ 30. Ke2 Qxg4+ 31. Kd3 Qd7 32. Ne4 Rf1 33.
Nd2 Rh1 34. Ne4 Qxc7 35. c4 Qd7 36. d5 Qf5 37. Kd4 Rh4 38. b3 Rxe4+ 39. Kc5
Qxe5 40. Rb1 Qc7+ 41. Kb4 Qb6+ 42. Kc3 a5 43. Bb2 Kg8 44. Rf1 Qd4+ 0-1

[Event "2021 FIDE Online Olympiad"]
[Site "Chess.com"]
[Date "2021.08.29"]
[Round "9.3"]
[White "Cordero, Daniela"]
[Black "Shriyan Santosh, Priyasha"]
[Result "1/2-1/2"]
[WhiteElo "1981"]
[BlackElo "1542"]
[PlyCount "108"]
[EventDate "2021.08.27"]
[EventType "team"]
[EventRounds "9"]
[SourceVersionDate "2018.05.14"]
[WhiteTeam "Bolivia"]
[BlackTeam "Malawi"]
[WhiteTeamCountry "BOL"]
[BlackTeamCountry "MWI"]

1. d4 g6 2. e4 Bg7 3. Nc3 a6 4. f4 e6 5. Nf3 d6 6. a4 Ne7 7. Be2 Nd7 8. O-O O-O
9. Be3 c5 10. Qd2 Qc7 11. Kh1 b6 12. Ng5 h6 13. Nh3 Kh7 14. Bf3 Bb7 15. Rad1
Rad8 16. d5 exd5 17. Nxd5 Bxd5 18. exd5 b5 19. axb5 axb5 20. c3 Nb6 21. Bf2 Nc4
22. Qc2 Nf5 23. Rfe1 Rfe8 24. Be4 Ne7 25. f5 Ne5 26. Nf4 gxf5 27. Bxf5+ Nxf5
28. Qxf5+ Ng6 29. Nh5 Re5 30. Rxe5 Bxe5 31. Bh4 Qd7 32. Qxd7 Rxd7 33. Nf6+ Bxf6
34. Bxf6 Nf4 35. g3 Kg6 36. Bh4 Nh5 37. Re1 Ra7 38. Re8 Ra1+ 39. Kg2 Ra2 40.
Re2 Nf6 41. Bxf6 Kxf6 42. Kf3 Kg6 43. h3 Kf6 44. Ke4 Ra4+ 45. Kd3 b4 46. c4 Ra1
47. Rf2+ Kg6 48. h4 Rg1 49. Rf3 Rg2 50. b3 Rb2 51. Ke4 Re2+ 52. Kd3 Rb2 53. Ke4
Re2+ 54. Kd3 Rb2 1/2-1/2

[Event "2021 FIDE Online Olympiad"]
[Site "Chess.com"]
[Date "2021.08.29"]
[Round "9.4"]
[White "Chisale, Mary"]
[Black "Estrada, Lucia"]
[Result "0-1"]
[WhiteElo "1000"]
[BlackElo "1931"]
[PlyCount "78"]
[EventDate "2021.08.27"]
[EventType "team"]
[EventRounds "9"]
[SourceVersionDate "2018.05.14"]
[WhiteTeam "Malawi"]
[BlackTeam "Bolivia"]
[WhiteTeamCountry "MWI"]
[BlackTeamCountry "BOL"]

1. e4 e6 2. d4 d5 3. exd5 exd5 4. Nf3 Nf6 5. Nc3 c6 6. g3 Bd6 7. Bg2 O-O 8. O-O
h6 9. a3 Bg4 10. Be3 Nbd7 11. Ne2 Ne4 12. Nf4 g5 13. Nd3 Qf6 14. b3 Qf5 15.
Nde1 Rae8 16. c4 Ndf6 17. c5 Bb8 18. Qc1 Re7 19. b4 Rfe8 20. Rb1 Qg6 21. Rb3
Nd7 22. b5 f5 23. bxc6 bxc6 24. a4 Rf8 25. Nd3 Qf6 26. a5 f4 27. Bd2 Bxf3 28.
Bxf3 fxg3 29. fxg3 Qxd4+ 30. Be3 Qg7 31. a6 Ndf6 32. Qb1 Nxg3 33. hxg3 Nd7 34.
Qc1 Bxg3 35. Kg2 Bb8 36. Re1 Ref7 37. Rf1 g4 38. Be2 Re8 39. Bxh6 Rxe2+ 0-1

[Event "2021 FIDE Online Olympiad"]
[Site "Chess.com"]
[Date "2021.08.29"]
[Round "9.5"]
[White "Vera, Pavel"]
[Black "Kaliba, Andrew"]
[Result "0-1"]
[WhiteElo "1579"]
[BlackElo "1000"]
[PlyCount "106"]
[EventDate "2021.08.27"]
[EventType "team"]
[EventRounds "9"]
[SourceVersionDate "2018.05.14"]
[WhiteTeam "Bolivia"]
[BlackTeam "Malawi"]
[WhiteTeamCountry "BOL"]
[BlackTeamCountry "MWI"]

1. d4 Nf6 2. c4 c5 3. d5 b5 4. f3 d6 5. e4 bxc4 6. Ne2 g6 7. Nec3 Bg7 8. Na3
O-O 9. Nxc4 Nbd7 10. Be2 Nb6 11. O-O Nxc4 12. Bxc4 Nd7 13. Be2 Qb6 14. Kh1 Ba6
15. Bg5 Rfe8 16. Rb1 Bxe2 17. Qxe2 Rab8 18. Na4 Qb4 19. b3 Qb7 20. Bd2 Rec8 21.
Rbc1 Nf6 22. Bc3 Qd7 23. Nb2 h5 24. Nc4 h4 25. Rcd1 Nh5 26. Bxg7 Kxg7 27. e5
Qf5 28. exd6 exd6 29. Nxd6 Qg5 30. Qb2+ Kg8 31. Nxc8 Ng3+ 32. hxg3 hxg3 33.
Rfe1 Qh5+ 34. Kg1 Qh2+ 35. Kf1 Qh1+ 36. Ke2 Qxg2+ 37. Kd3 Qxb2 38. Ne7+ Kg7 39.
Nc6 Rb7 40. Re2 Qf6 41. Ne5 Rb4 42. Kc3 Qf4 43. d6 Rd4 44. Nd3 Qxf3 45. Red2
Rxd6 46. Kc2 Qe4 47. Kc1 Qd4 48. Kc2 c4 49. Nb2 cxb3+ 50. axb3 Qe4+ 51. Nd3
Rc6+ 52. Kb2 Qd4+ 53. Kb1 Qc3 0-1

[Event "2021 FIDE Online Olympiad"]
[Site "Chess.com"]
[Date "2021.08.29"]
[Round "9.6"]
[White "Trapence, Caroline"]
[Black "Beltran Salvador, Milka"]
[Result "0-1"]
[WhiteElo "1368"]
[BlackElo "1496"]
[PlyCount "44"]
[EventDate "2021.08.27"]
[EventType "team"]
[EventRounds "9"]
[SourceVersionDate "2018.05.14"]
[WhiteTeam "Malawi"]
[BlackTeam "Bolivia"]
[WhiteTeamCountry "MWI"]
[BlackTeamCountry "BOL"]

1. d4 d5 2. Nf3 c6 3. g3 Nf6 4. Bg2 Bf5 5. O-O Nbd7 6. b3 e6 7. c4 Be7 8. Nc3
Nb6 9. c5 Nbd7 10. Re1 O-O 11. Bg5 b6 12. b4 bxc5 13. bxc5 h6 14. Bxf6 Bxf6 15.
e4 dxe4 16. Nxe4 Bxe4 17. Rxe4 Rb8 18. Qa4 Nxc5 19. dxc5 Bxa1 20. Qxa7 Rb1+ 21.
Bf1 Qd3 22. Re3 Qxf1# 0-1

[Event "2021 FIDE Online Olympiad"]
[Site "Chess.com"]
[Date "2021.08.29"]
[Round "9.1"]
[White "Savva, Marios"]
[Black "Matoewi, Roger"]
[Result "0-1"]
[WhiteElo "1777"]
[BlackElo "2015"]
[PlyCount "86"]
[EventDate "2021.08.27"]
[EventType "team"]
[EventRounds "9"]
[SourceVersionDate "2018.05.14"]
[WhiteTeam "Cyprus"]
[BlackTeam "Suriname"]
[WhiteTeamCountry "CYP"]
[BlackTeamCountry "SUR"]

1. e4 c5 2. Nf3 d6 3. Bb5+ Bd7 4. Bxd7+ Qxd7 5. c4 Nf6 6. Nc3 Nc6 7. d4 cxd4 8.
Nxd4 g6 9. f3 Bg7 10. Be3 O-O 11. O-O Nxd4 12. Bxd4 Qc6 13. Rc1 Rfe8 14. Qe2 a6
15. Rfd1 Rac8 16. b3 Bh6 17. Be3 Bxe3+ 18. Qxe3 Qc5 19. Kf2 Kg7 20. Nd5 Nxd5
21. cxd5 Qxe3+ 22. Kxe3 g5 23. Kd4 Kf6 24. g3 e5+ 25. dxe6 fxe6 26. Ke3 Ke7 27.
f4 gxf4+ 28. gxf4 Rc6 29. Rxc6 bxc6 30. e5 d5 31. Rg1 Kf7 32. Rc1 Rc8 33. Kd4
Kg6 34. Kc5 Kf5 35. Kd6 d4 36. Kd7 Rg8 37. Rxc6 Rg7+ 38. Ke8 Kxf4 39. Rxe6 Kf5
40. Rd6 Kxe5 41. Rxa6 d3 42. Kf8 Rd7 43. Ra8 d2 0-1

[Event "2021 FIDE Online Olympiad"]
[Site "Chess.com"]
[Date "2021.08.29"]
[Round "9.3"]
[White "Sokolova, Victoria"]
[Black "dos Ramos, Rosangela"]
[Result "1-0"]
[WhiteElo "1269"]
[BlackElo "1765"]
[PlyCount "55"]
[EventDate "2021.08.27"]
[EventType "team"]
[EventRounds "9"]
[SourceVersionDate "2018.05.14"]
[WhiteTeam "Cyprus"]
[BlackTeam "Suriname"]
[WhiteTeamCountry "CYP"]
[BlackTeamCountry "SUR"]

1. e4 g6 2. Nf3 Bg7 3. Bc4 d6 4. O-O h6 5. h3 e5 6. Nc3 Nc6 7. Bb5 Nge7 8. Nd5
O-O 9. Nxe7+ Nxe7 10. d4 c6 11. Be2 exd4 12. Nxd4 d5 13. exd5 Nxd5 14. Re1 Qf6
15. c3 Bf5 16. Nxf5 Qxf5 17. Bg4 Qf6 18. Qf3 Qd6 19. h4 Rfe8 20. Be3 Nxe3 21.
Rxe3 Rxe3 22. Qxe3 f5 23. Bf3 a6 24. Rd1 Qc7 25. Qe6+ Kh7 26. h5 g5 27. Qxf5+
Kh8 28. Be4 1-0